LIBRARY & INFORMATION CENTRE, KCAET, TAVANUR

ONLINE PUBLIC ACCESS CATALOGUE (OPAC)

Soil resource inventory and management of problematic soils / (Record no. 13271)

MARC details
000 -LEADER
fixed length control field 00600cam a2200217ua 4500
041 ## - LANGUAGE CODE
Language code of text/sound track or separate title eng
082 ## - DEWEY DECIMAL CLASSIFICATION NUMBER
Classification number 631.45
Item number MAH/So
100 ## - MAIN ENTRY--AUTHOR NAME
Personal name Mahendran, P P .
245 ## - TITLE STATEMENT
Title Soil resource inventory and management of problematic soils /
260 ## - PUBLICATION, DISTRIBUTION, ETC. (IMPRINT)
Place of publication Udaypur :
Name of publisher Agro-tech publishing academy ,
Year of publication 2008.
300 ## - PHYSICAL DESCRIPTION
Number of Pages 184 ;
Accompanying material CD.
700 1# - ADDED ENTRY--PERSONAL NAME
Personal name Balasubramaniam, p .
700 1# - ADDED ENTRY--PERSONAL NAME
Personal name Saravanan, A .
700 1# - ADDED ENTRY--PERSONAL NAME
Personal name Saravanapandian, P .
942 ## - ADDED ENTRY ELEMENTS (KOHA)
Koha item type Books
Holdings
Withdrawn status Lost status Damaged status Home library Current library Date acquired Full call number Accession Number Koha item type
      KAUAET KAUAET 07/04/2012 631.45 21613 Books
      KAUAET KAUAET 07/04/2012 631.45 21640 Books
free website counter